Statistics for New Zealand Prime Ministers' First Names

Click here to take the quiz!

General Stats

  • This quiz has been taken 8 times
  • The average score is 6 of 26

Answer Stats

name% Correct
{Jacinda} Ardern
100%
{Helen} Clark
86%
{John} Key
71%
{Bill} English
57%
{Jim} Bolger
57%
{David} Lange
43%
{Peter} Fraser
29%
{Bill} Rowling
14%
{Geoffrey} Palmer
14%
{Gordon} Coates
14%
{Jack} Marshall
14%
{Jenny} Shipley
14%
{Keith} Holyoake
14%
{Michael Joseph} Savage
14%
{Norman} Kirk
14%
{Richard} Seddon
14%
{Robert} Muldoon
14%
{Sidney} Holland
14%
{William} Massey
14%
{Francis} Bell
0%
{George} Forbes
0%
{Joseph} Ward
0%
{Mike} Moore
0%
{Thomas} Mackenzie
0%
{Walter} Nash
0%
{William} Hall-Jones
0%

Score Distribution

Percentile by Number Answered

Percent of People with Each Score

Your Score History

You have not taken this quiz